Queen songs - level hard #2 - Statistics

General Stats
  • This quiz has been taken 17 times
  • The average score is 8 of 12
Answer Stats
lyrics song % Correct
Let us cling together as the years go by Oh my love my love In the quiet of the night Let our candle always burn Let us never lose the lessons we have learned Teo Torriatte
86%
It all began with the three wise men
Followed a star took them to Bethleham
And made it heard through out the land
Jesus
79%
We'll Breakfast At Tiffanys We'll sing to you in Japanese We're only here to entertain you Let me entertain you
79%
A thin moon me in a smoke-screen sky Where the beams of your lovelight chase Don’t move don’t speak don’t feel no pain Now I'm here
79%
Everytime I get high, you wanna come down Everytime I get hot, you say you wanna cool down You say it's enough, in fact it's too much Everytime I wanna get down, get down, get down Get down, make love
71%
So in love but love had a bad reaction I was looking for some good old satisfaction But pain is all I got when all I needed was some love and affection Pain is so close to pleasure
71%
The beast within him rise Don't look back don't look back It's a rip off Flick of the wrist
64%
I feel good And no-one's gonna to stop me now, oh yeah It's a beautiful day
64%
A man who cried for a love gone stale And ice cold hearts of charity bare I watched as fear took the old men’s gaze Hopes of the young in troubled graves I see no day, I heard him say So grey is the face of every mortal The Prophet's song
64%
You're just another picture on a teenage wall You're just another sucker ready for a fall You gonna fight from the inside Attack from the rear Fight from the inside
43%
They called him a hero
In the land of the free
But he wouldn't shake my hand boy
Put out the fire
43%
No, I'll never look back in anger, No, I'll never find me an answer, You promised me, you'd keep in touch I read your letter and it hurt me so much Need your loving tonight
36%
No matching quizzes found
Score Distribution
Percent of People with Each Score
Percentile by Number Answered
Your Score History
You have not taken this quiz